Η ελληνική ενδυμασία : το ιστορικό οδοιπορικό της και ο κοινωνικός της ρόλος
Αποθηκεύτηκε σε:
| Κύριος συγγραφέας: | |
|---|---|
| Άλλοι συγγραφείς: | |
| Μορφή: | Βιβλίο |
| Γλώσσα: | Greek |
| Δημοσίευση: |
Αθήνα :
Δωδώνη,
2008
|
| Θέματα: | |
| Ετικέτες: |
Προσθήκη ετικέτας
Δεν υπάρχουν, Καταχωρήστε ετικέτα πρώτοι!
|
MARC
| LEADER | 00000cam a2200000 i 4500 | ||
|---|---|---|---|
| 001 | 1/3256 | ||
| 008 | 100115s2008 gr | ||| |||| ||gre|| | ||
| 020 | |a 9789603855077 | ||
| 035 | |l 10106311 | ||
| 040 | |a GR-MY-UA |b gre |e aacr | ||
| 041 | 0 | |a gre | |
| 082 | 0 | |a 391.009495 |2 (22) | |
| 100 | 1 | |a Οικονομίδης, Νίκος, |d 1953- | |
| 245 | 1 | 2 | |a Η ελληνική ενδυμασία : |b το ιστορικό οδοιπορικό της και ο κοινωνικός της ρόλος / |c Νίκος Οικονομίδης ; πρόλογος Κώστας Γεωργουσόπουλος |
| 260 | |a Αθήνα : |b Δωδώνη, |c 2008 | ||
| 300 | |a 149 σ.; |b έγχρ. εικ.; |c 21 εκ. | ||
| 504 | |a Βιβλιογραφία: σ. 147-148 | ||
| 650 | 0 | 0 | |a Costume |z Greece |x History. |
| 700 | 1 | |4 aui |a Γεωργουσόπουλος, Κώστας, |d 1937- | |
| 852 | |a INST |b LESVOS |e 20100115 |h 391.009495 ΟΙΚ |p 005100045847 |q 005100045847 |t BK |y 0 | ||
| 901 | |a BIBL1-2010-1 | ||
| 909 | |a Λ |b 160140 | ||
| 970 | |a ΓΙΑΛΑΜΑ |b ΜΑΡΙΑ |z 2010/01/15 | ||